Estudio de prefactibilidad para la construcción de una planta de tratamiento de agua potable en la Comarca de Presillas

Presenta un estudio de prefactibilidad para la construcción de una planta de tratamiento de agua potable que garantice la purificación y almacenamiento del vital líquido beneficiando a los pobladores del sector Este de la comarca de Presillas municipio Muelle de los Bueyes. Determina los efectos...

Full description

Bibliographic Details
Main Authors: García Centeno, Jania Beatriz, Jiménez Coca, Oscar Danilo, García Flores, Dailys Noem
Other Authors: Tutor: Zúñiga Morales, Gonzalo de Jesús
Format: Tesis Section = Libro
Language:Undetermined
Spanish
Published: Managua UNI 2017
Subjects:
LEADER 01477nam a2200289Ia 4500
008 240830s9999 xx 000 0 und d
040 |a BIBLIOTECA-RUPAP Mon 658.11 G216 
041 |a spa 
082 |a Mon 658.11 G216 
100 1 |a García Centeno, Jania Beatriz 
100 1 |b  Jiménez Coca, Oscar Danilo 
100 1 |c  García Flores, Dailys Noem 
245 1 0 |a Estudio de prefactibilidad para la construcción de una planta de tratamiento de agua potable en la Comarca de Presillas 
260 |a Managua  |b UNI  |c 2017 
300 |a 75 p. :il. 
500 |a Contiene: anexos e Incluye: CD. 
502 |a Tesis (Ingeniero de Sistemas)- UNI, 2017. 
520 3 |a Presenta un estudio de prefactibilidad para la construcción de una planta de tratamiento de agua potable que garantice la purificación y almacenamiento del vital líquido beneficiando a los pobladores del sector Este de la comarca de Presillas municipio Muelle de los Bueyes. Determina los efectos ambientales durante el proceso de construcción y funcionamiento de la planta para definir medidas de mitigación de los posibles impactos que se puedan producir durante la ejecución del proyecto. 
650 7 |a EMPRESAS-PROYECTOS 
650 7 |b PLANTA DE TRATAMIENTO DE AGUA POTABLE 
650 7 |c ESTUDIO DE FACTIBILIDAD 
650 7 |d ESTUDIO DE MERCADO 
650 7 |e ESTUDIO FINANCIERO 
700 1 |a Tutor:  |b Zúñiga Morales, Gonzalo de Jesús  
942 |c BK  |2 ddc 
991 |a TESIS 
999 |c 16907